| 000 | 00375pam a2200157a 44500 | ||
|---|---|---|---|
| 008 | 230515b2011 xxu||||| |||| 00| 0 eng d | ||
| 020 | _aNULL | ||
| 041 | _aENGLISH | ||
| 082 | _a517.522/BAI | ||
| 100 | _aBAILOOR DURGESH | ||
| 245 | _aMANAGEMENT OF MEDICALLY COMPROMISED DENTAL PATIENT | ||
| 250 | _a0 | ||
| 260 |
_a _bC B S PUB _c2011 |
||
| 300 | _a255 | ||
| 650 | _aNULL | ||
| 999 |
_c563103 _d563103 |
||